Konsignácia zásob z právneho, účtovného a daňového pohľadu

Jednotlivé zákonné aspekty tohto typu obchodovania, s názornými príkladmi. Právne hľadisko vo vzťahu ku konsignačnému skladu. Účtovné hľadisko – konsignačný sklad. Pohľad DPH na princíp fungovania konsignačného skladu. Call-off stock – detailnejší pohľad na príslušné články smernice a nariadenia.

Gespeichert in:
Bibliographische Detailangaben
1. Verfasser: Cígerová, Nadežda
Format: Buchkapitel
Sprache:Slowakisch
Schlagworte:
Tags: Tag hinzufügen
Keine Tags, Fügen Sie das erste Tag hinzu!

MARC

LEADER 00000naa a2200000 4500
001 0297449
005 20240417075255.9
041 0 |a slo 
044 |a SK 
245 1 0 |a Konsignácia zásob z právneho, účtovného a daňového pohľadu  |c Nadežda Cígerová 
520 |a Jednotlivé zákonné aspekty tohto typu obchodovania, s názornými príkladmi. Právne hľadisko vo vzťahu ku konsignačnému skladu. Účtovné hľadisko – konsignačný sklad. Pohľad DPH na princíp fungovania konsignačného skladu. Call-off stock – detailnejší pohľad na príslušné články smernice a nariadenia. 
610 2 0 |a účtovníctvo daňové 
610 2 0 |a účtovníctvo skladové 
610 2 0 |a sklady konsignačné 
610 2 0 |a sklady colné 
610 2 0 |a zásoby skladové 
610 2 0 |a dane z hodnoty pridanej 
610 2 0 |a dodávatelia 
610 2 0 |a odberatelia 
610 2 0 |a zmluvy mandátne 
610 2 0 |a zákonník obchodný 
100 1 |a Cígerová, Nadežda